000 01127njm a2200313Ia 4500
001 36754
003 IT-RoPAU
005 20220918181143.0
008 131025s9999 xx 000 0 und d
040 _aIT-RoPAU
040 _cIT-RoPAU
041 _aITALIANO
999 _c101396
_d101396
999 _bNO
100 _aConcato Fabio
_919379
100 _eAutore musica
_919380
100 _gCodice autore musica SPICS: 16468
_919381
245 _aSenza avvisare
250 _a1a ed.
260 _aHOLLAND
260 _bPHILIPS
_c1986 [1a Ed.:1986 - Ed. Lingua Orig.: 1986]
300 _aMUSICASSETTA
300 _c38 minuti (Testo: pag.)
500 _aCanzone italiana. Cantautore.
505 _aTanto per cambiare - Prendi luna - Il bel pianista - Camminiamo - Prima di cena - Tornando a casa - Ti muovi sempre - Per cominciare - Il viaggio - Rime per un sogno
650 _aCANTAUTORI [CASSETTE]
_eCodice MATERIA SPICS: 9951
_919382
700 _aConcato Fabio
_eAutore testo e musica
_gCodice autore testo/musica SPICS: 16468
_919383
700 _aConcato Fabio
_gCodice interprete SPICS: 16468
_eInterprete
_919384
942 _cMC
_2ddc